<?xml version="1.0" encoding="UTF-8"?>
<record
    xmlns:xsi="http://www.w3.org/2001/XMLSchema-instance"
    xsi:schemaLocation="http://www.loc.gov/MARC21/slim http://www.loc.gov/standards/marcxml/schema/MARC21slim.xsd"
    xmlns="http://www.loc.gov/MARC21/slim">

  <leader>00398nam a2200169Ia 4500</leader>
  <controlfield tag="003">OSt</controlfield>
  <controlfield tag="005">20240203125021.0</controlfield>
  <controlfield tag="008">170619s9999    xx            000 0 und d</controlfield>
  <datafield tag="020" ind1=" " ind2=" ">
    <subfield code="a">9780070582590</subfield>
  </datafield>
  <datafield tag="040" ind1=" " ind2=" ">
    <subfield code="c">IIMT ENGINEERING COLLEGE</subfield>
  </datafield>
  <datafield tag="100" ind1=" " ind2=" ">
    <subfield code="a">Madhava Rao- T.S.</subfield>
  </datafield>
  <datafield tag="245" ind1=" " ind2="0">
    <subfield code="a">Power System Protection</subfield>
  </datafield>
  <datafield tag="260" ind1=" " ind2=" ">
    <subfield code="b">New Delhi: TMH</subfield>
  </datafield>
  <datafield tag="260" ind1=" " ind2=" ">
    <subfield code="c">2003</subfield>
  </datafield>
  <datafield tag="546" ind1=" " ind2=" ">
    <subfield code="a">ENGLISH</subfield>
  </datafield>
  <datafield tag="942" ind1=" " ind2=" ">
    <subfield code="2">ddc</subfield>
    <subfield code="c">02</subfield>
  </datafield>
  <datafield tag="999" ind1=" " ind2=" ">
    <subfield code="c">17127</subfield>
    <subfield code="d">17127</subfield>
  </datafield>
  <datafield tag="952" ind1=" " ind2=" ">
    <subfield code="0">0</subfield>
    <subfield code="1">0</subfield>
    <subfield code="2">ddc</subfield>
    <subfield code="4">0</subfield>
    <subfield code="7">0</subfield>
    <subfield code="a">06</subfield>
    <subfield code="b">06</subfield>
    <subfield code="d">2004-06-21</subfield>
    <subfield code="e">1</subfield>
    <subfield code="p">06-B-8268</subfield>
    <subfield code="r">2017-07-03</subfield>
    <subfield code="u">EC / EN</subfield>
    <subfield code="w">2017-07-03</subfield>
    <subfield code="y">01</subfield>
  </datafield>
  <datafield tag="952" ind1=" " ind2=" ">
    <subfield code="0">0</subfield>
    <subfield code="1">0</subfield>
    <subfield code="2">ddc</subfield>
    <subfield code="4">0</subfield>
    <subfield code="7">0</subfield>
    <subfield code="a">06</subfield>
    <subfield code="b">06</subfield>
    <subfield code="d">2004-06-21</subfield>
    <subfield code="e">1</subfield>
    <subfield code="p">06-B-8269</subfield>
    <subfield code="r">2017-07-03</subfield>
    <subfield code="u">EC / EN</subfield>
    <subfield code="w">2017-07-03</subfield>
    <subfield code="y">01</subfield>
  </datafield>
  <datafield tag="952" ind1=" " ind2=" ">
    <subfield code="0">0</subfield>
    <subfield code="1">0</subfield>
    <subfield code="2">ddc</subfield>
    <subfield code="4">0</subfield>
    <subfield code="7">0</subfield>
    <subfield code="a">06</subfield>
    <subfield code="b">06</subfield>
    <subfield code="d">2004-06-21</subfield>
    <subfield code="e">1</subfield>
    <subfield code="l">1</subfield>
    <subfield code="p">06-B-8270</subfield>
    <subfield code="r">2021-03-05</subfield>
    <subfield code="s">2021-01-13</subfield>
    <subfield code="u">EC / EN</subfield>
    <subfield code="w">2017-07-03</subfield>
    <subfield code="y">02</subfield>
  </datafield>
  <datafield tag="952" ind1=" " ind2=" ">
    <subfield code="0">0</subfield>
    <subfield code="1">0</subfield>
    <subfield code="2">ddc</subfield>
    <subfield code="4">0</subfield>
    <subfield code="7">0</subfield>
    <subfield code="a">06</subfield>
    <subfield code="b">06</subfield>
    <subfield code="d">2004-06-21</subfield>
    <subfield code="e">1</subfield>
    <subfield code="p">06-B-8271</subfield>
    <subfield code="r">2017-07-03</subfield>
    <subfield code="u">EC / EN</subfield>
    <subfield code="w">2017-07-03</subfield>
    <subfield code="y">01</subfield>
  </datafield>
  <datafield tag="952" ind1=" " ind2=" ">
    <subfield code="0">0</subfield>
    <subfield code="1">0</subfield>
    <subfield code="2">ddc</subfield>
    <subfield code="4">0</subfield>
    <subfield code="7">0</subfield>
    <subfield code="a">06</subfield>
    <subfield code="b">06</subfield>
    <subfield code="d">2004-06-21</subfield>
    <subfield code="e">1</subfield>
    <subfield code="p">06-B-8272</subfield>
    <subfield code="r">2017-07-03</subfield>
    <subfield code="u">EC / EN</subfield>
    <subfield code="w">2017-07-03</subfield>
    <subfield code="y">01</subfield>
  </datafield>
</record>
